| 000 | 00000nam 2200000zi 4500 |
| 001 | 9.954246 |
| 003 | CaOODSP |
| 005 | 20250820105804 |
| 006 | m o d f |
| 007 | cr mn||||||||| |
| 008 | 250819e20240918oncd obs f000 0 eng d |
| 040 | |aCaOODSP|beng|erda|cCaOODSP |
| 043 | |an-cn--- |
| 086 | 1 |aCS82-003/2024-9-1E-PDF |
| 100 | 1 |aChristopher, Gabriella, |eauthor. |
| 245 | 10|aOccupational and sex differences in active commuting among Canadian workers from 2006 to 2016 / |cby Gabriella Christopher, Aviroop Biswas, Justin J. Lang and Stephanie A. Prince. |
| 264 | 1|a[Ottawa] : |bStatistics Canada = Statistique Canada, |cSeptember 18, 2024. |
| 264 | 4|c©2024 |
| 300 | |a1 online resource (15 pages) : |bcharts. |
| 336 | |atext|btxt|2rdacontent |
| 337 | |acomputer|bc|2rdamedia |
| 338 | |aonline resource|bcr|2rdacarrier |
| 490 | 1 |aHealth reports, |x1209-1367 ; |vvol. 35, no. 9, [1] |
| 500 | |aIssued also in French under title: Différences entre les professions et les sexes en matière de navettage actif chez les travailleurs canadiens de 2006 à 2016. |
| 504 | |aIncludes bibliographical references (pages 14-15). |
| 650 | 0|aCommuting|zCanada|vStatistics. |
| 655 | 7|aStatistics|2lcgft |
| 710 | 2 |aStatistics Canada, |eissuing body. |
| 775 | 08|tDifférences entre les professions et les sexes en matière de navettage actif chez les travailleurs canadiens de 2006 à 2016 / |w(CaOODSP)9.954247 |
| 830 | #0|aHealth reports (Series)|x1209-1367 ; |vvol. 35, no. 9, [1].|w(CaOODSP)9.950253 |
| 856 | 40|qPDF|s1.18 MB|uhttps://publications.gc.ca/collections/collection_2025/statcan/82-003-x/CS82-003-2024-9-1-eng.pdf |
| 856 | 41|qHTML|sN/A|uhttps://www150.statcan.gc.ca/n1/pub/82-003-x/2024009/article/00001-eng.htm |